Detalles MARC
| 000 -ENCABEZADO |
| Número de control [NR] |
02762nam a2200313Ia 4500 |
| 005 - FECHA Y HORA DE LA ÚLTIMA TRANSACCIÓN |
| control field |
20200819054807.0 |
| 008 - DE LONGITUD FIJA DE DATOS DE ELEMENTOS - INFORMACIÓN GENERAL |
| Elementos de longitud fija [NR] |
130821s1725 fr fr 1 lat |
| 040 ## - FUENTE DE CATALOGACION [NR] |
| Agencia de catalogación original [NR] |
Co-BoUCM |
| Idioma de catalogación [NR] |
spa |
| Quien Cataloga |
Sandra Yazo |
| Quien Clasifica |
Sandra Yazo |
| 041 0# - CODIGO DE IDIOMA [R] |
| Código de idioma para texto/pista de sonido o título separado [R] |
Latín |
| -- |
Español |
| 082 04 - NUMERO DE CLASIFICACION DECIMAL DEWEY [R] |
| Número de clasificación [R] |
336.2 |
| Número de la edición [NR] |
20 |
| 092 ## - SIGNATURA TOPOGRAFICA LOCAL |
| Número de clasificación local |
E12N003 |
| 100 1# - ASIENTO PRINCIPAL--NOMBRE PERSONAL [NR] |
| Nombre personal [NR] |
Balmaseda de la Puente y Sobremonte, Diego |
| ID Autoridad |
100709 |
| 242 00 - TRADUCCION DEL TITULO POR LA AGENCIA CATALOGADORA [R] |
| Título [NR] |
Tratado sobre los recaudos (colectas) e impuestos. En especial los que se imponen y acostumbran en España |
| Mención de responsabilidad, etc. [NR] |
Lic. D. Didaci Balmaseda de la Puente et Sobremonte |
| Código de idioma del título traducido [NR] |
spa |
| 245 10 - MENCION DE TITULO [NR] |
| Título [NR] |
Tractatus de collectis et tributis praesertim iis in Hispania indictis et usitatis |
| Mención de responsabilidad, etc. [NR] |
Lic. D. Didaci Balmaseda de la Puente et Sobremonte ... |
| 250 ## - MENCION DE EDICION [NR] |
| Mención de edición [NR] |
Editio Gallica [Edición para Francia] |
| Resto de la mención de edición [NR] |
ab authore duplò auctior quàm Hispana, atque mendis expurgata [revisada y doblemente corregida por el autor; más extensa que la edición española] |
| 260 ## - PUBLICACION, DISTRIBUCION, ETC. (PIE DE IMPRENTA) [R] |
| Lugar de publicación, distribución, etc. [R] |
Lugduni [Lyo] (Francia) |
| Nombre del editor, distribuidor, etc. [R] |
Sumptibus Anisson & Posuel [A expensas de Anisson y Juan Posuel] |
| Fecha de publicación, distribución, etc. [R] |
1725 |
| 300 ## - DESCRIPCION FISICA [R] |
| Extensión [R] |
[90], 388, [46] páginas |
| Dimensiones [R] |
36 x 23 cm. |
| 500 ## - NOTA GENERAL [R] |
| Nota general [NR] |
Detalles físicos: Encuadernación en pergamino, tapas y lomo muy deteriorado, roto y con faltantes. Conserva la portada impresa en dos tintas, deteriorada con roturas y dobleces, con un grabado de la flor de lis y la alegoría del día y la noche. Ejemplar mútilo, faltan varias páginas iniciales. Privilegio Real (París, 1691). Texto impreso en dos columnas. Varios cuadernillos desprendidos. Papel con manchas de humedad (ver páginas 8-9, 320-321, índice final) y hongos, varias roturas en el papel. Nota de desinfección 2007 |
| 505 0# - NOTA DE CONTENIDO CON FORMATO PREESTABLECIDO [R] |
| Nota de contenido con formato preestablecido [NR] |
Qué es un recaudo (colecta) ; Su origen ; “Portazgo” y “Almojarifazgo” ; Quién puede imponer recaudos ; Si los señores que tienen vasallos tienen derecho a recaudar ; Si pueden imponerse recaudos a las Universidades ; Si el Obispo u otros prelados de la Iglesia pueden imponer recaudos ; Si el hecho de los recaudos prueba jurisdicción ; Si el hecho de los recaudos prueba dominio ; Potestad de imponer recaudos sobre faenas en el mar ; Penas para quienes, sin derecho, cobran recaudos ; Personas que colaboran en la repartición de las colectas |
| 506 ## - NOTA DE RESTRICCIONES DE ACCESO [R] |
| Condiciones de acceso [NR] |
Consulta en sala |
| 546 ## - NOTA DE IDIOMA [R] |
| Nota de idioma [NR] |
Texto en latín |
| 650 #7 - ASIENTO SECUNDARIO DE MATERIA - TERMINO TEMATICO [R] |
| Término temático o nombre geográfico como elemento de entrada [NR] |
Derecho canónico |
| Subdivisión general [R] |
Obras anteriores a 1800 |
| 9 (RLIN) |
29726 |
| 650 #7 - ASIENTO SECUNDARIO DE MATERIA - TERMINO TEMATICO [R] |
| Término temático o nombre geográfico como elemento de entrada [NR] |
Derecho civil |
| Subdivisión general [R] |
Obras anteriores a 1800 |
| 9 (RLIN) |
29560 |
| 650 #7 - ASIENTO SECUNDARIO DE MATERIA - TERMINO TEMATICO [R] |
| Término temático o nombre geográfico como elemento de entrada [NR] |
Impuestos |
| Subdivisión geográfica [R] |
España |
| Subdivisión general [R] |
Obras anteriores a 1800 |
| 9 (RLIN) |
17233 |
| 650 #7 - ASIENTO SECUNDARIO DE MATERIA - TERMINO TEMATICO [R] |
| Término temático o nombre geográfico como elemento de entrada [NR] |
Recaudación de impuestos |
| Subdivisión geográfica [R] |
España |
| Subdivisión general [R] |
Obras anteriores a 1800 |
| 9 (RLIN) |
23134 |
| 690 ## - ASUNTO AGREGADO LOCAL DE ENTRADA - TÉRMINO TEMÁTICO (OCLC, RLIN) |
| Acceso temático local |
Economía |
| 9 (RLIN) |
174 |
| 856 41 - LOCALIZACION Y ACCESO ELECTRONICOS [R] |
| Nota dirigida al público [R] |
Disponible en línea |
| Identificador Uniforme del Recurso (“URI”) [R] |
<a href="http://books.google.com/books?id=trBFAAAAcAAJ&printsec=frontcover&hl=es&source=gbs_ge_summary_r&cad=0#v=onepage&q&f=false">http://books.google.com/books?id=trBFAAAAcAAJ&printsec=frontcover&hl=es&source=gbs_ge_summary_r&cad=0#v=onepage&q&f=false</a> |
| 942 ## - ELEMENTOS DE ENTRADA AGREGADOS (KOHA) |
| Tipo de ítem principal el descrito en 300a |
Libro |
| Tema principal |
7 |
| Edición |
1 |
| Sistema de clasificación |
LOCAL |
| Clasificación |
E12N003 |